|
|
|
|
| LEADER |
00000nam0a2200000 4500 |
| 001 |
366810 |
| 005 |
20231102011923.0 |
| 035 |
|
|
|a (RuTPU)RU\TPU\retro\24173
|
| 035 |
|
|
|a RU\TPU\retro\24171
|
| 090 |
|
|
|a 366810
|
| 100 |
|
|
|a 20220218d1956 k y0rusy50 ca
|
| 101 |
0 |
|
|a rus
|
| 102 |
|
|
|a RU
|
| 105 |
|
|
|a a z 001zy
|
| 200 |
1 |
|
|a Феррисиликатные и ферросиликатные сульфатные и хлоридные системы равновесия
|f Е. И. Соколова, Л. П. Листова, А. З. Вайнштейн
|g Академия наук СССР (АН СССР), Геологический институт (ГИН) ; под ред. Л. В. Пустовалова
|
| 210 |
|
|
|a Москва
|c Изд-во Академии наук СССР
|d 1956
|
| 215 |
|
|
|a 67 с.
|c ил.
|e 6 вкл.
|
| 225 |
1 |
|
|a Труды геологического института (ГИН)
|v Вып. 3
|
| 320 |
|
|
|a Библиогр.: с. 66
|
| 330 |
|
|
|a С 1 января 1956 г. на базе Института геологических наук АН СССР организованы два самостоятельных института: Геологический институт АН СССР и Институт геологии рудных месторождений, петрографии, минералогии и геохимии АН СССР. В связи с этим издание «Труды Института геологических наук» (вып. 1 — 165), выходившие отдельными сериями: Геологическая (№№ 1 — 70 № 72), Петрографическая (№№ 1—47), Рудных месторождений (№№ 1—17), Минералогии и геохимии (№№ 1—16), Угольная (№№ 1—5), Инженерной геологии (№№ 1—5) прекращено. В дальнейшем результаты научной работы Институтов будут печататься в «Трудах Геологического института» и «Трудах Института геологии рудных месторождений, петрографии, минералогии и геохимии (без разделения на серии).
|
| 606 |
1 |
|
|a Геологические формации, осадочные
|x Петрография
|2 stltpush
|3 (RuTPU)RU\TPU\subj\6089
|9 34048
|
| 610 |
1 |
|
|a системы равновесия
|
| 610 |
1 |
|
|a феррисиликаты
|
| 610 |
1 |
|
|a ферросиликаты
|
| 610 |
1 |
|
|a сульфатные системы
|
| 610 |
1 |
|
|a хлоридные системы
|
| 610 |
1 |
|
|a образование
|
| 610 |
1 |
|
|a физико-химические условия
|
| 610 |
1 |
|
|a минералы
|
| 675 |
|
|
|a 552.5
|v 3
|
| 700 |
|
1 |
|a Соколова
|b Е. И.
|g Елена Ивановна
|
| 701 |
|
1 |
|a Листова
|b Л. П.
|g Лидия Павловна
|
| 701 |
|
1 |
|a Вайнштейн
|b А. З.
|g Анна Зимильевна
|
| 702 |
|
1 |
|a Пустовалов
|b Л. В.
|4 340
|
| 712 |
0 |
2 |
|a Академия наук СССР (АН СССР)
|b Геологический институт (ГИН)
|c (Москва)
|2 stltpush
|3 (RuTPU)RU\TPU\col\11354
|
| 801 |
|
1 |
|a RU
|b 63413507
|c 20150211
|
| 801 |
|
2 |
|a RU
|b 63413507
|c 20220218
|g RCR
|
| 942 |
|
|
|c BK
|